000 00533nam a2200169Ia 4500
008 090711s9999 xx 000 0 und d
082 _b15787
100 _aभावे पुरुषोत्तम भा.
245 _aपहिला पाऊस
260 _c1964
300 _a131
600 _aभावे पुरुषोत्तम भा.
630 _aपहिला पाऊस
700 _aभावे पुरुषोत्तम भा.
730 _aपहिला पाऊस
942 _cBOOK
999 _c313326
_d313326